000
00260 a2200097 4500
020
_a
9788196697693
100
_a
Juleya Thomas
245
_a
Anuraga lolagathri(അനുരാഗ ലോലഗാത്രി)
260
_b
Mankind Literature
_c
2025
942
_c
OO
999
_c
115727
_d
115726